Hot Place or Cold Place? - Statistics

General Stats
  • This quiz has been taken 44,720 times
  • The average score is 14 of 20
Answer Stats
Hint Explanation Answer % Correct
Mount Everest Cold
92%
Mecca Hot
90%
Saint Lucia An island in the Caribbean Hot
89%
Chichen Itza A Mayan ruin located in Mexico Hot
80%
Challenger Deep The deepest point of the ocean. Around 2°C (35°F). Cold
79%
Timbuktu A city in the Sahara Desert Hot
79%
Manaus A city in the Amazon rainforest Hot
76%
Murmansk A city in Russia Cold
72%
Port Moresby The capital of Papua New Guinea Hot
71%
Fortress of Solitude Superman's hideout, located in the Arctic Cold
70%
Baffin Island An island in Canada Cold
69%
Arrakis Fictional desert planet from Dune Hot
67%
The Jejunum Part of the lower intestine Hot
66%
Hoth Frozen planet from "Star Wars" Cold
65%
Marie Byrd Land Located in Antarctica Cold
62%
Kara Sea Located in the Arctic Ocean Cold
62%
Betelgeuse A red supergiant star Hot
62%
Charon A moon of Pluto Cold
44%
Tierra del Fuego The southernmost region of South America Cold
42%
Hellas Basin Located on Mars Cold
32%
No matching quizzes found
Score Distribution
Percent of People with Each Score
Percentile by Number Answered
Your Score History
You have not taken this quiz